00311nam a2200085Ia 4500008004100000041000800041100002000049245010500069260005100174241105s9999 xx 000 0 und d aeng aGhante Samprita aLandscape Planning Proposal For Solapur Bhuikot (Solapur Fort) And Policies Its Surrounds At Solapur bBNCA M Arch Landscape Architecture, Punec2022